000 00832nam a22002417a 4500
999 _c2657
_d2657
003 AR-CdUCM
008 190305b ||||| |||| 00| 0 spa d
040 _aMUNICIPALIDAD PROVINCIAL DEL CUSCO
_cBIBLIOTECA MUNICIPAL DEL CUSCO
082 _a869.16 /
_bM19
100 _aMadonado Bautista, Silvio
_99342
245 _aEl médico de Baztan /
260 _aMéxico :
_b[Talleres Gráficos de la Dirección de Bibliotecas y Publicaciones del Instituto Politécnico Nacional],
300 _a122 páginas ;
_c19, 5 cm.
440 _aNuestra palabra.
_92277
650 _aNarrativa Mexicana
_91276
650 _aSiglo XXI
_92856
650 _aNovela costumbrista
_99343
650 _aRelatos de viaje
_99344
650 _aExperiencia personal
_99345
650 _aValle de Michoacan
_99346
942 _2ddc
_cLIBROS
945 _alccs